Projekt Volkswagen Bratislava vznikol v súboji s časom a nastupujúcou recesiou automobilového priemyslu
Vývoj kombinátu ZŤS, a.s. Dubnica nad Váhom od 50. rokov. Konverzia podniku. Vznik jednotnej strojárskej organizácie Závody ťažkého strojárstva. Úspešná výroba motorov. Príčiny nepredajnosti zbraňových systémov po r. 1989. Vznik spoločnosti Volkswagen Bratislava. Kvalitná výroba v novom podniku.
Na minha lista:
| Autor principal: | |
|---|---|
| Outros Autores: | |
| Formato: | Capítulo de Livro |
| Idioma: | eslovaco |
| Assuntos: | |
| Tags: |
Sem tags, seja o primeiro a adicionar uma tag!
|
MARC
| LEADER | 00000naa a2200000 4500 | ||
|---|---|---|---|
| 001 | r021633 | ||
| 005 | 20230921075227.8 | ||
| 041 | 0 | |a slo | |
| 044 | |a SK | ||
| 245 | 1 | 0 | |a Projekt Volkswagen Bratislava vznikol v súboji s časom a nastupujúcou recesiou automobilového priemyslu |c Jozef Uhrík, J. Prosnan |
| 520 | |a Vývoj kombinátu ZŤS, a.s. Dubnica nad Váhom od 50. rokov. Konverzia podniku. Vznik jednotnej strojárskej organizácie Závody ťažkého strojárstva. Úspešná výroba motorov. Príčiny nepredajnosti zbraňových systémov po r. 1989. Vznik spoločnosti Volkswagen Bratislava. Kvalitná výroba v novom podniku. | ||
| 610 | 2 | 0 | |a Slovensko |
| 610 | 2 | 0 | |a ZŤS Martin |
| 610 | 2 | 0 | |a ZŤS, a.s. Dubnica nad Váhom |
| 610 | 2 | 0 | |a Volkswagen Bratislava, s.r.o. Bratislava |
| 610 | 2 | 0 | |a podnik |
| 610 | 2 | 0 | |a vývoj podniku |
| 610 | 2 | 0 | |a priemysel automobilový |
| 610 | 2 | 0 | |a priemysel strojársky |
| 610 | 2 | 0 | |a zbrane |
| 610 | 2 | 0 | |a 1950-1995 |
| 100 | 1 | |a Uhrík, Jozef | |
| 700 | 1 | |a Prosnan, Jozef | |